00469nam a22001577a 450000500170000000800410001702000180005804100120007608200150008810000120010324500780011525000170019326000440021030000310025465000260028520241003054800.0241003b |||||||| |||| 00| 0 eng d a9781776175963 aEnglish a346.5 DUT  lEnglish aFundamentals of SA Trust Law / cF du Toit, BS Smith and A van der Linde  a2nd Edition  aDurban: bLexisNexis (Pty) Ltd, c2023  bxiii, 304 pages; c25 cm.  aLegal practice bLaw